Modern power politics: cold war: a study (Record no. 424127)

000 -LEADER
fixed length control field 00384cam a22001337a 4500
008 - FIXED-LENGTH DATA ELEMENTS--GENERAL INFORMATION
fixed length control field 180718b1970 xxu||||| |||| 00| 0 eng d
082 ## - DEWEY DECIMAL CLASSIFICATION NUMBER
Classification number D R246
100 ## - MAIN ENTRY--PERSONAL NAME
Personal name Reddy, B.P. Jeevan
245 ## - TITLE STATEMENT
Title Modern power politics: cold war: a study
Statement of responsibility, etc. by B.P. Jeevan Reddy
260 ## - PUBLICATION, DISTRIBUTION, ETC.
Place of publication, distribution, etc. New Delhi
Name of publisher, distributor, etc. Orient
Date of publication, distribution, etc. 1970
300 ## - PHYSICAL DESCRIPTION
Extent xiii, 268p
650 ## - SUBJECT ADDED ENTRY--TOPICAL TERM
Topical term or geographic name entry element Cold War
650 ## - SUBJECT ADDED ENTRY--TOPICAL TERM
Topical term or geographic name entry element World politics --20th century
Holdings
Withdrawn status Lost status Damaged status Not for loan Permanent Location Current Location Date acquired Full call number Barcode Date last seen Price effective from Koha item type
        Indian Institute of Public Administration Indian Institute of Public Administration 2009-09-16 D R246 45531 2018-07-21 2018-07-21 Book

Powered by Koha